[Event "51st ch-IND Premier 2013"]
[Site "Jalgaon IND"]
[Date "2013.12.20"]
[Round "4.7"]
[White "Akshat,Kh"]
[Black "Ashwin,J"]
[Result "0-1"]
[WhiteElo "2409"]
[BlackElo "2487"]

1.d4 Nf6 2.Bg5 e6 3.Nf3 h6 4.Bh4 d6 5.e3 g5 6.Bg3 Nh5 7.Bd3 Bg7 8.Nbd2 Nd7
9.c3 Qe7 10.Qc2 O-O 11.Nf1 f5 12.O-O-O b6 13.h4 g4 14.N3d2 Bb7 15.f3 Ndf6
16.Bh2 c5 17.d5 gxf3 18.gxf3 Nxd5 19.Nc4 Rad8 20.Rg1 b5 21.Nxd6 Rxd6 22.Bxd6 Qxd6
23.Bxb5 Qe5 24.Bc4 Kh8 25.f4 Qc7 26.Qe2 Nhf6 27.Rg6 Qf7 28.h5 Ne7 29.Rg1 Bd5
30.Ng3 Rb8 31.Rd2 Bxc4 32.Qxc4 Ned5 33.Qxc5 Qb7 34.Qa5 Ng4 35.Ne2 Ngxe3 36.Qc5 Rc8
37.Qd6 Nc4 38.Qxe6 Nxd2 39.Rxg7 Kxg7 40.Nd4 Ne7 41.Qe5+ Kh7  0-1

[Event "16th Padova Open A 2013"]
[Site "Padova ITA"]
[Date "2013.12.20"]
[Round "7.11"]
[White "Parrella,A"]
[Black "Laketic,G"]
[Result "1/2-1/2"]
[WhiteElo "2103"]
[BlackElo "2447"]

1.d4 Nf6 2.Bg5 e6 3.Nd2 h6 4.Bh4 c5 5.e3 cxd4 6.exd4 Be7 7.Ngf3 b6 8.c3 Bb7
9.h3 d6 10.Bd3 Nbd7 11.Qe2 a6 12.Bg3 Qc7 13.Bh2 b5 14.a4 O-O 15.O-O bxa4
16.Rxa4 a5 17.Bb5 Nb6 18.Ra3 Bc6 19.Rfa1 a4 20.Bd3 Qb7 21.c4 Rfc8 22.Ne1 Bf8
23.R3a2 Re8 24.f3 Nbd7 25.Bc2 Nb6 26.Kh1 Rec8 27.Bd3 Ne8 28.Qe3 Nc7 29.Nc2 Ne8
30.Ne1 Nf6 31.Nc2 Be8 32.Qe2 Bc6 33.Ne3 Re8 34.Rb1 Nbd7 35.Ng4 Nxg4 36.hxg4 Be7
37.Ne4 d5 38.Nd6 Bxd6 39.Bxd6 dxc4 40.Bxc4 Nb6 41.Bd3 Bd5 42.Ra3 Rec8 43.Rc3 Rc6
44.Ba3 Nd7 45.Rxc6 Qxc6 46.Bb5 Qb7 47.Rc1 Ra5 48.Bd3 Ra8 49.Bb5 Nb6 50.Rc5 Nd7  1/2-1/2

[Event "St Petersburg Blitz Prelim 2013"]
[Site "St Petersburg RUS"]
[Date "2013.12.22"]
[Round "10.5"]
[White "Rusanov,M"]
[Black "Yevseev,D"]
[Result "1/2-1/2"]
[WhiteElo "2440"]
[BlackElo "2532"]

1.d4 Nf6 2.Bg5 e6 3.e3 h6 4.Bxf6 Qxf6 5.Nd2 g5 6.c3 d6 7.Bd3 Bg7 8.Ne2 Nd7
9.O-O O-O 10.f4 Qe7 11.Ng3 Nf6 12.Nh5 Nxh5 13.Qxh5 e5 14.fxg5 Qxg5 15.Qxg5 hxg5
16.Bf5 exd4 17.exd4 Re8 18.Bxc8 Raxc8 19.Rae1 Re6 20.d5 Rxe1 21.Rxe1 Be5
22.Nc4 f6 23.Ne3 Kf7 24.Nf5 Rh8 25.g3 Kg6 26.Ne7+ Kf7 27.Nf5 Kg6 28.Ne7+ Kf7
29.Nf5 Rc8 30.Ra1 c6  1/2-1/2

[Event "Chinese Teams 2013"]
[Site "Tianjin CHN"]
[Date "2013.12.22"]
[Round "20.2"]
[White "Lan,Zilun"]
[Black "Chu Wei Chao"]
[Result "0-1"]
[WhiteElo "2180"]
[BlackElo "2275"]

1.d4 Nf6 2.Bg5 e6 3.Nf3 h6 4.Bxf6 Qxf6 5.e4 d6 6.Nc3 Nd7 7.Bc4 a6 8.a4 b6
9.O-O Bb7 10.Re1 Qd8 11.Qd3 Be7 12.Ne2 O-O 13.c3 Nf6 14.Ng3 Nxe4 15.Nxe4 d5
16.Bxd5 Qxd5 17.Ng3 Rfd8 18.Qc2 b5 19.b4 a5 20.bxa5 b4 21.cxb4 Bxb4 22.Re5 Qc6
23.Qb3 Qc3 24.Rb1 Qxb3 25.Rxb3 c5 26.h3 Bd5 27.Rb1 Bxf3 28.gxf3 Rxd4 29.Ne2 Rd2
30.Nf4 Rad8 31.Rb3 Ra2 32.Nd3 Ra1+ 33.Kg2 c4 34.Nxb4 cxb3 35.Nc6 Rd6  0-1

[Event "WYCC U16 Girls 2013"]
[Site "Al-Ain UAE"]
[Date "2013.12.23"]
[Round "7.28"]
[White "Munoz,Claudia"]
[Black "Franca,Veronika"]
[Result "0-1"]
[WhiteElo "1781"]
[BlackElo "1965"]

1.d4 Nf6 2.Bg5 e6 3.e4 h6 4.Bxf6 Qxf6 5.c3 g6 6.Bd3 Bg7 7.Ne2 d6 8.O-O e5
9.f4 exd4 10.cxd4 Bg4 11.e5 dxe5 12.Bb5+ Nd7 13.fxe5 Qb6 14.Nbc3 c6 15.Bc4 Nxe5
16.Na4 Qb4 17.Bb3 O-O-O 18.Kh1 Bxe2 19.Qxe2 Rxd4 20.Nc3 f5 21.Rac1 Kb8 22.Rfd1 Rhd8
23.Rxd4 Rxd4 24.Rd1 Qd6 25.h3 Rxd1+ 26.Nxd1 Qd3 27.Qf2 Nd7 28.Bc2 Qd6 29.Qe2 Qe5
30.Qd2 Qd4 31.Qe2 Be5 32.b3 Qf4 33.g4 Qg3 34.gxf5 Qxh3+ 35.Kg1 Bd4+ 36.Nf2 Qg3+
37.Kf1 gxf5 38.Bxf5 Ne5 39.Nh3 Kc7 40.Qg2 Qe3 41.Qe2 Qc1+ 42.Kg2 Kb6 43.Be4 Kc5
44.Kg3 Kb4 45.Nf4 Qe3+ 46.Qxe3 Bxe3 47.Ne6 b6 48.Nd8 c5 49.Nc6+ Nxc6 50.Bxc6 Ka3
51.Bb5 Kxa2 52.Bc4 Ka3 53.Kf3 Bg5 54.Ke4 Kb4 55.Kd3 b5 56.Bf7 a5 57.Kc2 c4
58.bxc4 bxc4 59.Kb2 a4 60.Kc2 a3 61.Kb1 Kb3 62.Bxc4+ Kxc4 63.Ka2 Kb4 64.Kb1 Kb3
65.Ka1 Bf6+ 66.Kb1 a2+ 67.Kc1 a1=Q+ 68.Kd2 Qc3+ 69.Ke2 Bg5 70.Kf2 Qe3+ 71.Kg2 Bh4
72.Kh1 Qe2 73.Kg1 Bg3 74.Kh1 Qh2+  0-1

[Event "30th Boeblinger Open 2013"]
[Site "Boeblingen GER"]
[Date "2013.12.27"]
[Round "2.11"]
[White "Commercon,S"]
[Black "Vuckovic,Alek"]
[Result "1-0"]
[WhiteElo "2164"]
[BlackElo "2317"]

1.d4 Nf6 2.Bg5 e6 3.e4 h6 4.Bxf6 Qxf6 5.c3 d6 6.Bd3 g6 7.Ne2 Bg7 8.O-O Qe7
9.f4 O-O 10.Nd2 Nd7 11.Nf3 b6 12.Qd2 Bb7 13.Rae1 c5 14.f5 cxd4 15.Nfxd4 Nc5
16.Ng3 Nxd3 17.Qxd3 e5 18.Nc2 Rfd8 19.c4 b5 20.fxg6 fxg6 21.Ne3 a6 22.Nd5 Qg5
23.cxb5 axb5 24.Nc7 Rab8 25.Ne6 Qe7 26.Nxd8 Qxd8 27.Qb3+ Kh7 28.Rd1 Bc8 29.Qd5 Rb6
30.Rc1 Bb7 31.Qf7 Bc6 32.Qa7 Rb7 33.Qa6 Rb6 34.Qa5 Qb8 35.Rf7 h5 36.Re7 Kh8
37.Rf1 Rb7 38.Rff7 Rxe7 39.Rxe7 h4 40.Qc7 Qf8 41.Rf7 Qg8 42.Nf1 Bxe4 43.Rd7 Kh7
44.Qxd6 Bf5 45.Rb7 Kh6 46.Qe7 g5 47.Ne3 Bc8 48.Rc7 Kg6 49.Rc6+ Kh5 50.Qd6 Qe8
51.Qd1+ g4 52.Qc2 Bh6 53.Nf5 Bxf5 54.Qxf5+ Bg5 55.Qh7+ Bh6 56.Qxh6+  1-0

[Event "13th Mondragon Open"]
[Site "Mondragon ESP"]
[Date "2013.12.28"]
[Round "3.5"]
[White "Etxagibel Larranaga,A"]
[Black "San Jose Madinabeitia,Iban"]
[Result "1-0"]
[WhiteElo "2165"]
[BlackElo "1762"]

1.d4 Nf6 2.Bg5 e6 3.e3 d5 4.Bd3 h6 5.Bh4 c5 6.c3 Be7 7.Nd2 O-O 8.f4 Nfd7
9.Bxe7 Qxe7 10.Ngf3 c4 11.Bb1 f5 12.O-O b5 13.Ne5 Nxe5 14.fxe5 Bd7 15.Nf3 Be8
16.Ne1 Qg5 17.Qd2 Nd7 18.g3 Bh5 19.Ng2 Rae8 20.Bc2 Rf7 21.Nf4 Nf8 22.Qe1 Bg6
23.Qe2 a6 24.a4 Qe7 25.axb5 axb5 26.b4 cxb3 27.Bxb3 b4 28.c4 dxc4 29.Qxc4 Kh7
30.Ra4 h5 31.Rxb4 h4 32.Rb6 hxg3 33.hxg3 Qg5 34.Kg2 Rfe7 35.Qe2 Kg8 36.Rh1 Rc7
37.Ra1 Rc3 38.Ra7 Bf7 39.Rbb7 Ng6 40.Nxg6 Rxe3 41.Qf2 Rd3 42.Nf4 Rxd4 43.Rxf7 Red8
44.Rxg7+ Qxg7 45.Rxg7+ Kxg7 46.Nxe6+  1-0

[Event "VII Stadium Casablanca Open 2013"]
[Site "Zaragoza ESP"]
[Date "2013.12.28"]
[Round "4.10"]
[White "Kanmazalp,O"]
[Black "Garriga Cazorla,Pere"]
[Result "1-0"]
[WhiteElo "2414"]
[BlackElo "2227"]

1.d4 Nf6 2.Bg5 e6 3.Nd2 d5 4.e3 c5 5.c3 Nbd7 6.Ngf3 Be7 7.Bd3 b6 8.O-O Bb7
9.Qb1 O-O 10.a4 h6 11.Bh4 a6 12.b4 cxd4 13.cxd4 Rc8 14.Qb2 Ne8 15.Bxe7 Qxe7
16.b5 a5 17.Rfc1 Nd6 18.Ne5 Nxe5 19.dxe5 Nc4 20.Bxc4 dxc4 21.Nxc4 Qg5 22.f4 Qg6
23.Nd6 Rxc1+ 24.Rxc1 Bd5 25.Nc8 Re8 26.Nxb6 Bb7 27.Qc2 Be4 28.Qd2 Bb7 29.h3 h5
30.Rc7 Be4 31.Nc4 Bd5 32.Nd6 Rf8 33.Nc8 Kh7 34.Ne7 Qb1+ 35.Rc1 Qb3 36.Nxd5 exd5
37.Qc2+  1-0

[Event "13th Mondragon Open"]
[Site "Mondragon ESP"]
[Date "2013.12.29"]
[Round "5.6"]
[White "Etxagibel Larranaga,A"]
[Black "Montolio Benedicto,C"]
[Result "1-0"]
[WhiteElo "2165"]
[BlackElo "1950"]

1.d4 Nf6 2.Bg5 e6 3.e3 c5 4.c3 cxd4 5.exd4 d5 6.Bd3 Be7 7.Nf3 Nc6 8.Nbd2 h6
9.Bxf6 Bxf6 10.Qe2 O-O 11.O-O-O Bd7 12.g4 a6 13.h4 b5 14.g5 hxg5 15.hxg5 Bxg5
16.Nxg5 Qxg5 17.Rdg1 Qf6 18.Qh5  1-0